00462nam a2200169Ia 4500008004100000041000800041082002900049100001400078245007100092250001200163260002700175365001600202700001700218710003000235906000800265999001900273230312s9999 xx 000 0 und d aeng a620.1b620.1/BEE/031482  aBeer F.P. aVector Machanics For EngineersbStatics And Dynamics (In SI Units) a8th ed. bTata Mc-graw Hill Pub. cRs.b525.00 aJohnstonE.R. aBeer F.P. & Johnston E.R. b525 c128791d128791